000 00930nam a2200241 a 4500
001 44801
003 BD-RjUL
005 20211209053924.0
008 160720s1976 bg |||| ||| 000 0 ben d
020 _c: Tk 15.00
035 _a(BD-RjUL)44919
040 _aBD-RjUL
_bben
_cBD-RjUL
041 _aben
082 _223
_a823
_bJEE 1976
100 1 0 _aজেরোম, কে. জেরোম
_9137327
245 1 0 _aএক নায়ে তিন জন :
_b(কুত্তাটা ফাউ) /
_cজেরোম কে. জেরোম; আব্দার রশীদ অনূদিত
260 _aঢাকা :
_bবাংলা একাডেমী,
_c১৯৭৬ [১৩৮৩]
300 _a[৫] ২০১ পৃ. ;
_c২১ সেমি.
650 _aইংরেজী উপন্যাস
_9120370
650 _aEnglish Fiction
_9137328
700 _aআব্দার রশীদ
_9137329
942 _2ddc
_cBK
999 _c44801
_d44801